| 000 | 00649nam a2200241Ia 4500 | ||
|---|---|---|---|
| 003 | OSt | ||
| 005 | 20221007074206.0 | ||
| 006 | a|||||r|||| 00| 0 | ||
| 007 | ta | ||
| 008 | 221006b |||||||| |||| 00| 0 eng d | ||
| 024 | _a21,420 | ||
| 037 | _cTextual | ||
| 040 |
_aFLL _cFLL _beng |
||
| 041 |
_2eng _aeng |
||
| 082 | _aF53:z2qN54, k7 | ||
| 100 |
_aGupta J.P. _992385 |
||
| 245 | 0 | _aThe prevention of food adulteration act | |
| 250 | _a5th | ||
| 260 |
_aMeerut _bThe Hindustan Law Publishing Co. India _c1967 |
||
| 300 |
_axx,210p _ccm. |
||
| 942 |
_hF53:z2qN54, k7 _cTEXL _2CC |
||
| 999 |
_c1151488 _d1151488 |
||